Morden India 1885 - 1947 (Record no. 434)

MARC details
000 -LEADER
fixed length control field 00294nam a2200109 4500
008 - FIXED-LENGTH DATA ELEMENTS--GENERAL INFORMATION
fixed length control field 160622b xxu||||| |||| 00| 0 eng d
100 ## - MAIN ENTRY--PERSONAL NAME
9 (RLIN) 522
Personal name Su Sarkar
245 ## - TITLE STATEMENT
Title Morden India 1885 - 1947
260 ## - PUBLICATION, DISTRIBUTION, ETC. (IMPRINT)
Place of publication, distribution, etc. Madras
Name of publisher, distributor, etc. McMillian India.Ltd.
Date of publication, distribution, etc. 1983
300 ## - PHYSICAL DESCRIPTION
Extent Morden India 1885 - 1947
942 ## - ADDED ENTRY ELEMENTS (KOHA)
Source of classification or shelving scheme Dewey Decimal Classification
Koha item type BOOK
Holdings
Withdrawn status Lost status Source of classification or shelving scheme Damaged status Not for loan Home library Current library Shelving location Date acquired Total Checkouts Full call number Barcode Date last seen Price effective from Koha item type
    Dewey Decimal Classification     Good Samaritan School Library Good Samaritan School Library   06/22/2016   954 SUS517 06/22/2016 06/22/2016 BOOK

Powered by Koha